| 000 | 00475nam a2200145 i 4500 | ||
|---|---|---|---|
| 001 | 129079 | ||
| 003 | ES-MaACL | ||
| 005 | 20230906193431.0 | ||
| 007 | t| | ||
| 008 | 070605s1972 sp ||||1| spa d | ||
| 245 | 0 | 0 |
_aTecnologia educativa 2. Educación preescolar _b: [Progamación del trabajo escolar y desarrollo de actividades. Segundo curso]. |
| 260 |
_a[Madrid] : _bSantillana, _c[1972] |
||
| 300 |
_a500 p. : _bil. ; _c27 cm. |
||
| 852 |
_aES-MaACL _jC-47720 _bR.84592 |
||
| 999 |
_c129079 _d129079 |
||